000 01132cam a22002174a 4500
005 20260107132820.0
008 250528s ||||||||||||||||||||||||d
035 _a20304
020 _a688112633
040 _aGR-AtMCL
_bgre
_dGR-AtMCL
_eAACR2
245 1 _aChanging for Good / The Revolutionary Program that Explains the Six Stages of Change and Teaches You How to Free Yourself from Bad Habits
260 _bWilliam Morrow And Company, Inc,
_c1994
300 _a306
520 _aOnce you know which stage you're in, you're ready to learn the most powerful principles of changing for Good. A Scientific Revolution, How to Change, When you Change, Making Changes, The Applications, Precontemplation and Resisting Chane, Contemplation and Change on the Horizon, Preparation and Getting Ready, Action and Time to Move, Maintenance and Staying There, Recycling and Learning from Relapse, A Changer's Manual, Termination and Exiting the Cycle of Change.
700 1 _aDiclemente Carlo C
_96314
700 1 _aNorcross, John C.
_93840
700 1 _aProchaska James O
_96024
942 _cBK
999 _c5427
_d5427